000 01462nam a2200349 ia4500
003 OSt
005 20240317115535.0
008 231220t19952016enka jr 000 1 eng d
020 _a9781409300571
_cRM8.79
_qpaperback
040 _aPPAK
_beng
_cPPAK
_erda
082 0 4 _a823.914
_223
090 0 0 _a823.914
_bADA
_dK
100 1 _aAdamson, Jean,
_d1928-
_eauthor.
245 1 0 _aTopsy and Tim Go on an Aeroplane /
_cBy Jean Adamson and Gareth Adamson ; Illustrations by Belinda Worsley.
264 1 _a[London]. UK :
_bLadybird Books,
_c2016
264 4 _c©1995
300 _a1 volume (unpaged) :
_bchiefly illustrations (colour) ;
_c20 cm
336 _atext
_2rdacontent
336 _astill image
_2rdacontent
337 _aunmediated
_2rdamedia
338 _avolume
_2rdacarrier
490 1 _aTopsy and Tim
500 _aAs seen on TV-- Cover
520 _aTopsy and Tim are always finding fun adventures in the real world. This title shares Topsy and Tim's aeroplane adventure as they meet the stewardess, the pilot. It helps to learn about the airport and discover that sucking sweets can stop little ears from popping.
600 1 0 _aTopsy, (Fictitious character from Adamson)
_vJuvenile fiction
650 1 0 _aCamping
_vJuvenile fiction
655 7 _aChildren's stories
700 1 _aAdamson, Gareth,
_d1952-1982,
_eauthor.
700 1 _aWorsley, Belinda,
_eillustrator.
830 _a Topsy and Tim
942 _2ddc
_cB
999 _c194140
_d194140